000 00557nam a22001577a 4500
003 NUST
082 _a670
100 _aSIDDIQUE ,YASIR
_9122370
245 _aDesign Development & Testing of Strain Gauge Based Cutting Force Dynamometer /
_cYASIR SIDDIQUE
264 _aIslamabad:
_bSMME- NUST.
_c2021.
300 _a70p. ;
_bSoft Copy,
_c30cm.
650 _aMS Design and Manufacturing Engineering
_9119567
700 _aSupervisor : Dr. MUSHTAQ KHAN
_9119879
856 _u http://10.250.8.41:8080/xmlui/handle/123456789/25585
942 _2ddc
_cTHE
999 _c608867
_d608867